Dejiny knihy ... učeb. text pre internú potrebu poslucháčov FFUK v Bratislave ... 2

Podrobná bibliografia
Hlavný autor: Špetko, Jozef, 1932-2006 (Autor)
Médium: Kniha
Jazyk:slovenčina
Fyzický popis:111 s. 4°
Vydavateľské údaje: Bratislava SPN UK 1965
Edícia:Vysokoškolské učebné texty
Predmet:

MARC

LEADER 00000nam a2200000 a 4500
001 vtls008322281
003 SK-MaSNL
005 20260302074315.0
008 240509s1965 xo 000 slo
015 |a SKSNBA1965/04-01186 
035 |a SK01SNK19650014498 
035 |a SKM000016961 
040 |a SNK  |b slo  |c SNK  |e AACR2 
041 0 |a slo 
044 |a xo  |c SK 
080 |a 655.4/.5(091)(075.8)  |2 1981 
080 |a 686.1(091)(075.8)  |2 1981 
100 1 |a Špetko, Jozef,  |d 1932-2006  |4 aut  |9 93584 
245 1 0 |a Dejiny knihy  |n 2  |b ... učeb. text pre internú potrebu poslucháčov FFUK v Bratislave ...  |c Jozef Špetko 
260 |a Bratislava  |b SPN  |b UK  |c 1965  |e Bratislava  |f Západoslovenské tlačiarne 42 
300 |a 111 s.  |c 4° 
490 1 |a Vysokoškolské učebné texty 
500 |a Lit. 
563 |a 246 výtl. 
650 0 7 |a dejiny knihy  |2 SNK  |9 76918 
650 0 7 |a knihárstvo  |x dejiny  |2 SNK  |9 697068 
650 0 7 |a knižný obchod  |2 SNK  |9 29140 
655 7 |a Textbooks (higher)  |2 SNKPHeng  |9 276436 
655 7 |a učebnice vysokých škôl  |2 SNKPH  |9 70191 
655 7 |a učebnice  |2 SNKPH  |9 22521 
830 0 |a Vysokoškolské učebné texty  |9 276539 
852 |a Slovenská národná knižnica v Martine  |b 10000  |h SB 10076/2 
852 |a Slovenská národná knižnica v Martine  |b 10000  |h SB 10076/2 D1 
958 |a OND 
958 |a RK 
958 |a RM 
958 |a UV 
958 |a NB 
999 |c 1164522  |d 1166452 
952 |a SNK  |b SNK  |y PREZ  |7 0  |p 17A0775954  |o snkSB 10076/2  |i snkKSP 1576/65  |0 0  |1 0  |4 0  |d 2012-08-02  |f 1  |l 0  |r 2025-02-28 00:00:00  |w 2026-02-24 
952 |a SNK  |b SNK  |y VYP  |7 0  |p 17A0333012  |o snkSB 10076/2 D1  |i snkKSP 1577/65  |0 0  |1 0  |4 0  |d 2008-12-11  |l 0  |r 2026-02-24 20:44:53  |w 2026-02-24 
952 |a SNK  |b SNK  |y VYP  |7 0  |p 17A0606565  |o snkSB 10076/2 D2  |i snkKSP 7434/66  |0 0  |1 0  |4 0  |d 2008-12-11  |l 0  |r 2026-02-24 20:44:53  |w 2026-02-24 
952 |a SNK  |b SNK  |y VYP  |7 0  |p 17A0333235  |o snkSB 10076/2 D11  |0 0  |1 0  |4 0  |d 2008-12-11  |l 0  |r 2026-02-24 20:44:54  |w 2026-02-24